|
|
|
|
| LEADER |
00000cam a2200000 a 4500 |
| 001 |
1/116997 |
| 008 |
180710s20072005gr | ||| |||| ||gre|| |
| 020 |
|
|
|a 9789604104550
|
| 040 |
|
|
|a GR-MyUa
|b gre
|c GR-MyUa
|e AACR2
|
| 041 |
1 |
|
|a gre
|h eng
|
| 082 |
7 |
|
|a 895.63
|2 (23)
|
| 100 |
1 |
|
|a Murakami, Haruki,
|d 1949-
|
| 245 |
1 |
0 |
|a Νορβηγικό δάσος /
|c Χαρούκι Μουρακάμι ; μετάφραση Μαρία Αγγελίδου.
|
| 260 |
|
|
|a [Αθήνα] :
|b Ωκεανίδα,
|c 2007
|
| 300 |
|
|
|a 505 σ. :
|c 21 εκ.
|
| 534 |
|
|
|p Μετάφραση του :
|t Norwegian Wood.
|
| 650 |
|
0 |
|a Japanese, Fiction
|y 20th century.
|
| 852 |
|
|
|a INST
|b SAMOS
|e 20180710
|h 895.635 MUR
|p 005300045535
|q 005300045535
|t BK
|y 0
|
| 970 |
|
|
|a Φιλιππή
|b Φάλη
|z 19-06-2018
|